Monarchien in Europa (Aktuell) - Statistiken

Allgemein
  • Dieses Quiz wurde 66 mal gespielt
  • Das Durchschnittsergebnis liegt bei 11 aus 12
Antwortstatistiken
Staatsform Land % Korrekt
Parlamentarische Monarchie Norwegen
100%
Parlamentarische Monarchie Vereinigtes Königreich
100%
Parlamentarische Monarchie Dänemark
98%
Parlamentarische Monarchie Schweden
98%
Parlamentarische Monarchie Niederlande
97%
Parlamentarische Monarchie Spanien
97%
Föderale, parlamentarische Monarchie Belgien
93%
Konstitutionelle Monarchie Monaco
93%
Konstitutionelle Monarchie Luxemburg
92%
Konstitutionelle Monarchie Liechtenstein
88%
Parlamentarische Monarchie Andorra
83%
Absolute Wahlmonarchie Vatikanstadt
80%
Keine übereinstimmenden Quizze gefunden
Verteilung der Resultate
Anzahl Personen mit jedem Resultat
Perzentil nach korrekt beantworteten Fragen
Ihre Resultats-Entwicklung
Sie haben dieses Quiz noch nicht gespielt